The Philippines 1950 : A hanbook of trade and economic facts and figures

Gorde:
Xehetasun bibliografikoak
Formatua: Liburua
Hizkuntza:Undetermined
Argitaratua: Manila Department Of Commerce And industrial 1950
Etiketak: Etiketa erantsi
Etiketarik gabe, Izan zaitez lehena erregistro honi etiketa jartzen!
Thư viện lưu trữ: Trung tâm Học liệu Trường Đại học Cần Thơ
LEADER 00454nam a2200157Ia 4500
001 CTU_92872
008 210402s9999 xx 000 0 und d
082 |a 382 
082 |b P549 
245 4 |a The Philippines 1950 : 
245 2 |b A hanbook of trade and economic facts and figures 
260 |a Manila 
260 |b Department Of Commerce And industrial 
260 |c 1950 
904 |i Tuyến 
980 |a Trung tâm Học liệu Trường Đại học Cần Thơ